[Event "BL 1819 SG Solingen - SV 1920 Hofheim"]
[Site "?"]
[Date "2019.03.03"]
[Round "11.5"]
[White "Womacka, Mathias"]
[Black "Smeets, Jan"]
[Result "0-1"]
[WhiteElo "2457"]
[BlackElo "2593"]
[PlyCount "118"]
[EventDate "2019.??.??"]

1. e4 c5 2. Nf3 d6 3. d4 cxd4 4. Nxd4 Nf6 5. Nc3 a6 6. Be2 e6 7. O-O Nbd7 8. a4
b6 9. f4 Bb7 10. Bf3 Qc7 11. Kh1 Rc8 12. Qe1 h5 13. Be3 g6 14. Rd1 Be7 15. Nde2
e5 16. Nc1 exf4 17. Bxf4 Ne5 18. Nd5 Nxd5 19. exd5 Nxf3 20. Rxf3 O-O 21. c4
Rfe8 22. Re3 Qd7 23. b3 b5 24. axb5 axb5 25. cxb5 Bf6 26. Rxe8+ Rxe8 27. Qf1
Bg7 28. b4 Re4 29. Nb3 Rxb4 30. Na5 Rxb5 31. Nxb7 Rxb7 32. h3 Qe7 33. Re1 Qf6
34. Bg3 Qxf1+ 35. Rxf1 Be5 36. Bxe5 dxe5 37. g4 hxg4 38. hxg4 Rb4 39. d6 Rd4
40. Re1 f6 41. g5 Kf7 42. gxf6 Kxf6 43. Kg2 Rxd6 44. Kf3 Rd3+ 45. Ke4 Rd4+ 46.
Ke3 Kf5 47. Ra1 Rf4 48. Ra8 g5 49. Rf8+ Kg4 50. Re8 Kg3 51. Rxe5 g4 52. Rg5 Rf8
53. Ke2 Kh3 54. Rg7 g3 55. Rg6 Kh2 56. Rg7 g2 57. Rh7+ Kg1 58. Rh6 Re8+ 59. Kd2
Re5 0-1

[Event "BL 1819 SG Solingen - SV 1920 Hofheim"]
[Site "?"]
[Date "2019.03.03"]
[Round "11.6"]
[White "Nikolic, Predrag"]
[Black "Lobzhanidze, Davit"]
[Result "1/2-1/2"]
[WhiteElo "2572"]
[BlackElo "2420"]
[PlyCount "109"]
[EventDate "2019.??.??"]

1. d4 Nf6 2. Nf3 e6 3. c4 b6 4. g3 Bb4+ 5. Bd2 Be7 6. Bg2 c6 7. Bc3 O-O 8. Nbd2
d5 9. O-O Nbd7 10. Qc2 Bb7 11. Rfd1 Rc8 12. Rac1 c5 13. dxc5 bxc5 14. cxd5 exd5
15. Nh4 g6 16. Nb3 Qb6 17. e3 Qe6 18. Nf3 Ne4 19. Nfd2 f5 20. Nf1 Rfd8 21. Be1
Ne5 22. Bc3 Rd7 23. Bxe5 Qxe5 24. Nfd2 Rdd8 25. Nxe4 fxe4 26. Bh3 Rc7 27. Qc3
Qxc3 28. Rxc3 Bc8 29. Bxc8 Rcxc8 30. Rc2 Rc7 31. Nd4 Kf7 32. b4 c4 33. b5 Bc5
34. Ne2 Rcd7 35. a4 Ke6 36. a5 g5 37. Rb1 Rb8 38. Nc3 Ke5 39. Na4 Be7 40. b6 a6
41. Nc3 Kd6 42. Rd1 Ke6 43. Ne2 Bf6 44. Kg2 Rc8 45. h4 h6 46. hxg5 hxg5 47. Rh1
Rh8 48. Rxh8 Bxh8 49. Rc1 Kd6 50. Rh1 Bg7 51. Rh7 Kc6 52. Kf1 Bb2 53. Nd4+ Bxd4
54. Rxd7 Kxd7 55. exd4 1/2-1/2

[Event "BL 1819 SG Solingen - SV 1920 Hofheim"]
[Site "?"]
[Date "2019.03.03"]
[Round "11.7"]
[White "Gurevich, Vladimir"]
[Black "Naumann, Alexander"]
[Result "1/2-1/2"]
[WhiteElo "2472"]
[BlackElo "2538"]
[PlyCount "53"]
[EventDate "2019.??.??"]

1. e4 c5 2. Nf3 d6 3. d4 cxd4 4. Nxd4 Nf6 5. Nc3 a6 6. a4 g6 7. Be2 Bg7 8. O-O
O-O 9. Nb3 Nc6 10. Be3 Be6 11. f4 Rc8 12. Kh1 Na5 13. f5 Bc4 14. Bd3 Nxb3 15.
cxb3 Bxd3 16. Qxd3 Qa5 17. Bd4 Rfe8 18. Rad1 Qb4 19. Bxf6 Bxf6 20. Nd5 Qc5 21.
fxg6 hxg6 22. Rxf6 exf6 23. Nxf6+ Kg7 24. Nxe8+ Rxe8 25. h3 Re6 26. Qc3+ Kg8
27. Qd4 1/2-1/2

[Event "BL 1819 SF Berlin - BCA Augsburg"]
[Site "?"]
[Date "2019.03.03"]
[Round "11.1"]
[White "Kulaots, Kaido"]
[Black "Piorun, Kacper"]
[Result "0-1"]
[WhiteElo "2544"]
[BlackElo "2631"]
[PlyCount "56"]
[EventDate "2019.??.??"]

1. e4 e5 2. Nf3 Nc6 3. Bb5 g6 4. d4 exd4 5. c3 dxc3 6. Nxc3 h6 7. Bf4 Bg7 8.
Qc1 d6 9. O-O Nge7 10. Rd1 g5 11. Bg3 g4 12. Bh4 gxf3 13. Nd5 f6 14. Nxf6+ Bxf6
15. Bxf6 Rg8 16. Qxh6 Rxg2+ 17. Kh1 Be6 18. e5 d5 19. Qh5+ Kd7 20. Qxf3 Rg8 21.
Rac1 Qf8 22. Rc5 Qf7 23. Rdc1 a6 24. Ba4 Rac8 25. Bb3 Nd4 26. Qc3 Nec6 27. Rxc6
Nxc6 28. Ba4 Ke8 0-1

[Event "BL 1819 SF Berlin - BCA Augsburg"]
[Site "?"]
[Date "2019.03.03"]
[Round "11.2"]
[White "Vocaturo, Daniele"]
[Black "Laznicka, Viktor"]
[Result "1/2-1/2"]
[WhiteElo "2616"]
[BlackElo "2670"]
[PlyCount "42"]
[EventDate "2019.??.??"]

1. e4 e5 2. Nf3 Nc6 3. Bc4 Bc5 4. c3 Nf6 5. d3 d6 6. Bb3 a6 7. O-O Ba7 8. Nbd2
O-O 9. h3 Re8 10. Re1 Be6 11. Nf1 h6 12. Be3 Bxe3 13. Nxe3 Bxb3 14. Qxb3 Qd7
15. Nd5 Nxd5 16. Qxd5 Qe6 17. Qxe6 fxe6 18. b4 Kf7 19. a4 Ke7 20. Nd2 Kd7 21.
f3 Rf8 1/2-1/2

[Event "BL 1819 SF Berlin - BCA Augsburg"]
[Site "?"]
[Date "2019.03.03"]
[Round "11.3"]
[White "Postny, Evgeny"]
[Black "Moranda, Wojciech"]
[Result "1/2-1/2"]
[WhiteElo "2619"]
[BlackElo "2595"]
[PlyCount "86"]
[EventDate "2019.??.??"]

1. d4 Nf6 2. c4 e6 3. Nf3 d5 4. g3 dxc4 5. Bg2 Bb4+ 6. Bd2 c5 7. Bxb4 cxb4 8.
Ne5 O-O 9. Nxc4 Nc6 10. e3 e5 11. dxe5 Qxd1+ 12. Kxd1 Ng4 13. Bxc6 bxc6 14. Ke1
f6 15. Nbd2 Nxe5 16. Nxe5 fxe5 17. f3 e4 18. f4 Be6 19. Rf1 Rad8 20. Rf2 Rd3
21. Nxe4 Re8 22. Nc5 Rxe3+ 23. Kd2 Bg4 24. a3 Re2+ 25. Rxe2 Rxe2+ 26. Kd3 Rxh2
27. axb4 Rxb2 28. Rxa7 Rxb4 29. Rc7 Rb1 30. Ke3 Re1+ 31. Kd4 Rd1+ 32. Ke3 Rd6
33. Nd3 h5 34. Ne5 Kh7 35. Nxc6 Rd7 36. Rxd7 Bxd7 37. Ne7 Kh6 38. Ke4 h4 39.
gxh4 Kh5 40. Nf5 Bxf5+ 41. Kxf5 Kxh4 42. Kg6 Kg4 43. Kxg7 Kxf4 1/2-1/2

[Event "BL 1819 SF Berlin - BCA Augsburg"]
[Site "?"]
[Date "2019.03.03"]
[Round "11.4"]
[White "Tomczak, Jacek"]
[Black "Prusikin, Michael"]
[Result "1/2-1/2"]
[WhiteElo "2635"]
[BlackElo "2523"]
[PlyCount "101"]
[EventDate "2019.??.??"]

1. e4 e6 2. d4 d5 3. Nc3 Nf6 4. Bg5 Bb4 5. e5 h6 6. Be3 Ne4 7. Qg4 Kf8 8. Nge2
c5 9. dxc5 Nc6 10. O-O-O Nxc3 11. Nxc3 Bxc3 12. bxc3 Qa5 13. Kd2 Nxe5 14. Qb4
Nc6 15. Qxa5 Nxa5 16. Rb1 Bd7 17. c4 Bc6 18. cxd5 exd5 19. Bb5 Ke7 20. Kc1 Rhe8
21. Bxc6 bxc6 22. Bd2 Nc4 23. Re1+ Kf8 24. Rxe8+ Rxe8 25. Kd1 f6 26. Bf4 Re7
27. Bd6 Nxd6 28. cxd6 Rd7 29. Rb8+ Kf7 30. Rc8 Ke6 31. Rxc6 Rxd6 32. Rc7 Rd7
33. Rc8 Rd6 34. Rc7 Rd7 35. Rc5 Kd6 36. Ra5 Kc6 37. Kd2 Kb6 38. Ra3 Re7 39.
Rb3+ Kc6 40. Rb8 Rb7 41. Rc8+ Rc7 42. Rd8 Rd7 43. Rb8 Rb7 44. Rc8+ Rc7 45. Rd8
Rd7 46. Re8 Kb5 47. Re3 a5 48. Rb3+ Kc4 49. Rc3+ Kb4 50. Rb3+ Kc4 51. Rc3+
1/2-1/2

[Event "BL 1819 SF Berlin - BCA Augsburg"]
[Site "?"]
[Date "2019.03.03"]
[Round "11.6"]
[White "Jakubowski, Krzysztof"]
[Black "Rozentalis, Eduardas"]
[Result "0-1"]
[WhiteElo "2515"]
[BlackElo "2539"]
[PlyCount "144"]
[EventDate "2019.??.??"]

1. d4 Nf6 2. Nf3 e6 3. g3 b6 4. Bg2 Bb7 5. O-O Be7 6. c4 O-O 7. Nc3 Ne4 8. Bd2
Bf6 9. Rc1 d6 10. d5 Bxc3 11. Bxc3 Nxc3 12. Rxc3 e5 13. e4 a5 14. Nd2 Nd7 15.
f4 Qe7 16. f5 c6 17. dxc6 Bxc6 18. a4 f6 19. b3 Kh8 20. Qe1 Rg8 21. Rcf3 Raf8
22. Qe3 Nc5 23. R3f2 Rf7 24. Bf3 g5 25. g4 Rfg7 26. h3 Be8 27. Rd1 h5 28. Nf1
hxg4 29. hxg4 Bf7 30. Rh2+ Rh7 31. Rdd2 Rxh2 32. Rxh2+ Kg7 33. Bd1 Rh8 34. Rxh8
Kxh8 35. Bc2 Kg7 36. Nd2 Qd8 37. Kg2 Be8 38. Kf2 Bc6 39. Qh3 Na6 40. Ke1 Nb4
41. Kd1 Be8 42. Kc1 Qc7 43. Qe3 b5 44. axb5 Bxb5 45. Nf3 Be8 46. Nxg5 fxg5 47.
Qxg5+ Kf8 48. Qf6+ Kg8 49. Qg5+ Qg7 50. Qd8 Qf8 51. Qg5+ Kh7 52. Kb2 Bf7 53.
Qf6 Qg7 54. Qxd6 Qxg4 55. Qxe5 Qg2 56. Qc3 Bh5 57. Kb1 Bf3 58. e5 Nxc2 59. Qxa5
Be4 60. Qc7+ Kh6 61. Qd6+ Kh5 62. Kb2 Bxf5 63. Qd1+ Kg5 64. Qd8+ Kf4 65. Qd6
Ke3 66. Kc3 Qh1 67. Qd2+ Kf3 68. Qd5+ Be4 69. Qf7+ Ke2 70. Qa7 Qe1+ 71. Kb2 Nb4
72. Qd7 Nd3+ 0-1

[Event "BL 1819 SF Berlin - BCA Augsburg"]
[Site "?"]
[Date "2019.03.03"]
[Round "11.8"]
[White "Seyb, Alexander"]
[Black "Schmittdiel, Eckhard"]
[Result "1/2-1/2"]
[WhiteElo "2426"]
[BlackElo "2432"]
[PlyCount "129"]
[EventDate "2019.??.??"]

1. e4 c5 2. Nf3 Nc6 3. d4 cxd4 4. Nxd4 e5 5. Nb5 d6 6. N1c3 a6 7. Na3 b5 8. Nd5
Be7 9. c4 b4 10. Nc2 a5 11. Bd3 Nf6 12. O-O O-O 13. b3 Nd7 14. a3 Nc5 15. Nce3
bxa3 16. Rxa3 Rb8 17. Bc2 Bg5 18. Bd2 Be6 19. Bc3 Nb4 20. Qe2 Rb7 21. Rfa1 Bxe3
22. Nxe3 Qb8 23. Bxb4 axb4 24. Ra5 Qc7 25. Nd1 g6 26. f3 Kg7 27. Nf2 Rfb8 28.
Nd3 f6 29. Qe3 Nxd3 30. Bxd3 Bf7 31. g3 Rc8 32. Kf2 Qe7 33. Ra6 Be8 34. Bf1 Rc6
35. Ra8 Bd7 36. Qd2 Be6 37. R1a4 Rcb6 38. Bd3 Qc7 39. Qe3 Qc5 40. R8a5 Qxe3+
41. Kxe3 Bd7 42. Ra1 Kf7 43. f4 Rc7 44. Be2 Ke7 45. Ra8 Bc8 46. h4 Kf7 47. Bf3
Ke7 48. h5 gxh5 49. Rh1 Ra6 50. Rb8 Ra3 51. Rxb4 Rb7 52. Rxb7+ Bxb7 53. Rb1 Ra2
54. Bxh5 Rg2 55. fxe5 fxe5 56. Kf3 Rc2 57. Re1 Rb2 58. Re3 Bc6 59. Bg4 Be8 60.
Bf5 h5 61. Rd3 Bf7 62. Bh3 Be6 63. Bf5 Bf7 64. Bh3 Be6 65. Bf5 1/2-1/2

[Event "BL 1819 USV TU Dresden - MSA Zugzwang"]
[Site "?"]
[Date "2019.03.03"]
[Round "11.1"]
[White "Mons, Leon"]
[Black "Almasi, Zoltan"]
[Result "0-1"]
[WhiteElo "2550"]
[BlackElo "2680"]
[PlyCount "64"]
[EventDate "2019.??.??"]

1. e4 c5 2. Nc3 Nc6 3. Nf3 d6 4. Bc4 Nf6 5. d3 e6 6. O-O Be7 7. a3 O-O 8. Ba2
a6 9. Ne2 b5 10. Ng3 Bb7 11. c3 Rc8 12. h3 Qc7 13. Bg5 Ne5 14. Nh2 c4 15. d4
Nd3 16. Qe2 Nd5 17. Bd2 N5f4 18. Qg4 f5 19. exf5 exf5 20. Nxf5 Rxf5 21. Qxf5
Rf8 22. Qg4 h5 23. Qd1 Bxg2 24. Bxf4 Nxf4 25. Re1 Bd5 26. f3 Bh4 27. Re3 Nxh3+
28. Kg2 Nf2 29. Qe2 Qd8 30. Rg1 Qd7 31. Rf1 Qh3+ 32. Kg1 Qg3# 0-1

[Event "BL 1819 USV TU Dresden - MSA Zugzwang"]
[Site "?"]
[Date "2019.03.03"]
[Round "11.2"]
[White "Nisipeanu, Liviu-Dieter"]
[Black "Kindermann, Stefan"]
[Result "1/2-1/2"]
[WhiteElo "2670"]
[BlackElo "2493"]
[PlyCount "84"]
[EventDate "2019.??.??"]

1. e4 e6 2. d4 d5 3. Nc3 Nf6 4. e5 Nfd7 5. Nce2 c5 6. c3 Nc6 7. Nf3 Qb6 8. a3
cxd4 9. cxd4 f6 10. Nf4 fxe5 11. Nxe6 e4 12. Nfg5 Nf6 13. Bf4 Bxe6 14. Nxe6 Kf7
15. Nc7 Rd8 16. Nb5 Rc8 17. Be3 Na5 18. Rb1 a6 19. Nc3 Qb3 20. Qxb3 Nxb3 21. g4
h6 22. Bg2 Bxa3 23. Nxd5 Nxd5 24. bxa3 Rc3 25. Bxe4 Nxe3 26. fxe3 Rxe3+ 27. Kf2
Rxe4 28. Rxb3 b5 29. a4 Rxd4 30. axb5 axb5 31. Rxb5 Rxg4 32. Rg1 Rxg1 33. Kxg1
Rc8 34. Rb6 Rc2 35. Ra6 h5 36. Rb6 Re2 37. Ra6 Re6 38. Ra5 Kg6 39. Kg2 Kh6 40.
h4 Re4 41. Kg3 Re3+ 42. Kg2 Re4 1/2-1/2

[Event "BL 1819 USV TU Dresden - MSA Zugzwang"]
[Site "?"]
[Date "2019.03.03"]
[Round "11.3"]
[White "Hertneck, Gerald"]
[Black "Vogel, Roven"]
[Result "1/2-1/2"]
[WhiteElo "2491"]
[BlackElo "2469"]
[PlyCount "86"]
[EventDate "2019.??.??"]

1. d4 d6 2. e4 Nf6 3. Nc3 g6 4. f3 c6 5. Be3 b5 6. a3 Nbd7 7. Qd2 Bg7 8. Bd3 a6
9. Nce2 e5 10. c3 d5 11. Ng3 O-O 12. N1e2 Qc7 13. O-O c5 14. Bh6 Bxh6 15. Qxh6
Bb7 16. Rad1 Rae8 17. dxe5 Nxe5 18. Nf5 gxf5 19. Qg5+ Ng6 20. Qxf6 fxe4 21.
fxe4 dxe4 22. Bc2 Re6 23. Qg5 Qe7 24. Qe3 Re5 25. Nf4 Rf5 26. Nh3 Rxf1+ 27.
Rxf1 f5 28. g4 fxg4 29. Rxf8+ Qxf8 30. Ng5 Qf4 31. Qxf4 Nxf4 32. Nxe4 Bxe4 33.
Bxe4 a5 34. Kf2 Kg7 35. Kg3 Ng6 36. Kxg4 Kf6 37. b4 cxb4 38. cxb4 Ne5+ 39. Kh5
a4 40. Bxh7 Nc4 41. Be4 Nxa3 42. Bc6 Nc2 43. Bxb5 Ke5 1/2-1/2

[Event "BL 1819 USV TU Dresden - MSA Zugzwang"]
[Site "?"]
[Date "2019.03.03"]
[Round "11.4"]
[White "Paehtz, Elisabeth"]
[Black "Zysk, Robert"]
[Result "1-0"]
[WhiteElo "2448"]
[BlackElo "2402"]
[PlyCount "57"]
[EventDate "2019.??.??"]

1. d4 Nf6 2. c4 e6 3. g3 Bb4+ 4. Bd2 a5 5. Bg2 O-O 6. e3 Bxd2+ 7. Nxd2 d6 8.
Ne2 e5 9. O-O exd4 10. Nxd4 Nbd7 11. Qc2 Re8 12. Nb1 Ne5 13. b3 d5 14. Nd2 Bg4
15. h3 Bh5 16. f4 Nc6 17. Nxc6 bxc6 18. Rfe1 d4 19. g4 dxe3 20. Nf3 Nxg4 21.
hxg4 Bxg4 22. Ne5 Bh5 23. Rxe3 Qd4 24. Rae1 Qxf4 25. Bxc6 Rad8 26. Bxe8 Rxe8
27. Qf2 Qg5+ 28. Qg2 Qf4 29. Nd7 1-0

[Event "BL 1819 USV TU Dresden - MSA Zugzwang"]
[Site "?"]
[Date "2019.03.03"]
[Round "11.5"]
[White "Schramm, Christian"]
[Black "Neef, Maximilian"]
[Result "1/2-1/2"]
[WhiteElo "2361"]
[BlackElo "2476"]
[PlyCount "196"]
[EventDate "2019.??.??"]

1. e4 e6 2. d4 d5 3. exd5 exd5 4. Nf3 Bd6 5. Bd3 Nc6 6. Nc3 Nge7 7. h3 Nb4 8.
Bb5+ c6 9. Ba4 O-O 10. a3 Na6 11. O-O Bf5 12. Ne2 Qc7 13. c3 Ng6 14. Bc2 Bxc2
15. Qxc2 Rae8 16. Be3 Re7 17. Rae1 Rfe8 18. Nc1 h6 19. Nd3 Qd7 20. Bc1 Re4 21.
Nd2 Rxe1 22. Rxe1 Rxe1+ 23. Nxe1 Qe7 24. Ndf3 Nc7 25. Kf1 Ne6 26. Qf5 Qc7 27.
g3 Qb6 28. Kg2 Qb5 29. Qd3 Qa5 30. h4 Ngf8 31. Qf5 g6 32. Qc2 h5 33. Nd3 Nd7
34. Ng5 Ndf8 35. Nf3 Qd8 36. Nde5 Qe8 37. Bh6 Nd7 38. Nxd7 Qxd7 39. Qe2 Qe7 40.
Kf1 Qf6 41. Qd3 Qd8 42. Qe2 Qf6 43. Qd3 Qe7 44. Qe2 f6 45. Bc1 Qd7 46. Ne1 Ng7
47. Kg2 Qf5 48. Qf3 Qe6 49. Qe3 Kf7 50. Qxe6+ Kxe6 51. Nc2 Kf5 52. f3 g5 53.
Kh3 g4+ 54. Kg2 Kg6 55. Ne3 f5 56. f4 Ne8 57. Bd2 Be7 58. Kf1 Nd6 59. Ke2 Kf6
60. Be1 Ke6 61. Kd3 Ne4 62. a4 c5 63. b3 a6 64. Nc2 Bf6 65. Ne3 Bd8 66. Nc2 Bb6
67. Ne3 Nd6 68. Bd2 Ba7 69. Be1 b5 70. axb5 Nxb5 71. Nc2 Nd6 72. Ne3 Bb6 73.
Bd2 Ne4 74. Be1 Ba5 75. dxc5 Nxc5+ 76. Kc2 Bb6 77. Nf1 Ne4 78. Kd3 Kd6 79. Kc2
Bg1 80. Kd3 Kc5 81. Ne3 Bxe3 82. Kxe3 Kd6 83. Kd3 Nc5+ 84. Kc2 Kc6 85. Bf2 Ne4
86. Be1 a5 87. Kd3 Nc5+ 88. Kc2 a4 89. bxa4 Nxa4 90. Bf2 Kb5 91. Be3 Nb6 92.
Bxb6 Kxb6 93. Kb2 Kc5 94. Kc1 d4 95. cxd4+ Kc4 96. Kc2 Kxd4 97. Kd2 Ke4 98. Ke2
Kd4 1/2-1/2

[Event "BL 1819 USV TU Dresden - MSA Zugzwang"]
[Site "?"]
[Date "2019.03.03"]
[Round "11.7"]
[White "Hoffmeyer, Falk"]
[Black "Maiwald, Jens-Uwe"]
[Result "0-1"]
[WhiteElo "2355"]
[BlackElo "2434"]
[PlyCount "80"]
[EventDate "2019.??.??"]

1. d4 g6 2. Nf3 Bg7 3. c4 d6 4. Nc3 Nf6 5. e3 O-O 6. Be2 c5 7. d5 e6 8. O-O
exd5 9. cxd5 a6 10. a4 Bg4 11. h3 Bxf3 12. Bxf3 Nbd7 13. Qc2 c4 14. Be2 Rc8 15.
Rd1 Re8 16. Bd2 Qe7 17. a5 Rc5 18. Be1 Qd8 19. Qa4 Ne4 20. Qb4 Nxc3 21. Bxc3
Bxc3 22. bxc3 Qc7 23. Rd4 Rc8 24. e4 Ne5 25. Ra4 Rb5 26. Qa3 Qd8 27. f4 Nd3 28.
Bxd3 cxd3 29. Rxd3 Rcc5 30. c4 Rb1+ 31. Kh2 Qf6 32. Rf3 Qd4 33. Qd3 Qg1+ 34.
Kg3 Qe1+ 35. Kh2 Qg1+ 36. Kg3 Qe1+ 37. Kh2 h5 38. Re3 Qg1+ 39. Kg3 Rb2 40. Re2
Qf1 0-1

[Event "BL 1819 SC Viernheim - USV TU Dresden"]
[Site "Viernheim, Germany"]
[Date "2019.03.09"]
[Round "12.1"]
[White "Almasi, Zoltan"]
[Black "Kryvoruchko, Yuriy"]
[Result "1/2-1/2"]
[WhiteElo "2680"]
[BlackElo "2680"]
[PlyCount "62"]
[EventDate "2019.??.??"]

1. e4 e5 2. Nf3 Nc6 3. Bb5 Nf6 4. d3 Bc5 5. Bxc6 dxc6 6. Nbd2 Nd7 7. Nc4 f6 8.
O-O Nf8 9. Nh4 g6 10. Be3 Bxe3 11. fxe3 Ne6 12. Qg4 Nd4 13. Qd1 Ne6 14. Qd2 O-O
15. Rf3 Qe7 16. Raf1 Ng5 17. Rg3 Kg7 18. Qc3 c5 19. a3 b6 20. Nd2 a5 21. Ndf3
Nxf3+ 22. Rfxf3 Qd8 23. a4 Qe8 24. b3 Qd8 25. Rf1 Be6 26. Nf3 Qd6 27. d4 cxd4
28. exd4 exd4 29. Nxd4 c5 30. Nf5+ Bxf5 31. exf5 Rad8 1/2-1/2

[Event "BL 1819 SC Viernheim - USV TU Dresden"]
[Site "Viernheim, Germany"]
[Date "2019.03.09"]
[Round "12.2"]
[White "Maze, Sebastien"]
[Black "Nisipeanu, Liviu-Dieter"]
[Result "0-1"]
[WhiteElo "2578"]
[BlackElo "2670"]
[PlyCount "96"]
[EventDate "2019.??.??"]

1. e4 e6 2. d4 d5 3. Nc3 Nf6 4. Bg5 Be7 5. e5 Nfd7 6. h4 h6 7. Bxe7 Qxe7 8. Nb5
Nb6 9. c3 a6 10. Na3 c5 11. Nc2 Nc6 12. Ne2 Bd7 13. Nf4 O-O-O 14. g3 Kb8 15.
Nd3 Na4 16. Rb1 f6 17. exf6 Qxf6 18. dxc5 d4 19. Bg2 dxc3 20. Ne3 c2 21. Nxc2
Ne5 22. f4 Nxd3+ 23. Qxd3 Bc6 24. Qe2 Nc3 25. bxc3 Qxc3+ 26. Kf1 Rd2 27. Bxc6
Rxe2 28. Rxb7+ Kc8 29. Kxe2 Qxc2+ 30. Kf3 Rd8 31. Rb3 Rd3+ 32. Rxd3 Qxd3+ 33.
Kg2 Qc2+ 34. Kh3 Qf5+ 35. Kh2 Qxc5 36. Bg2 Qa3 37. Rf1 Qxa2 38. f5 exf5 39.
Rxf5 a5 40. Kh3 Qe6 41. g4 Qb3+ 42. Kh2 a4 43. h5 a3 44. Bd5 Qb2+ 45. Kg3 a2
46. Bxa2 Qxa2 47. Kh3 Kd7 48. Kg3 Ke6 0-1

[Event "BL 1819 SC Viernheim - USV TU Dresden"]
[Site "Viernheim, Germany"]
[Date "2019.03.09"]
[Round "12.3"]
[White "Gajewski, Grzegorz"]
[Black "Fedorchuk, Sergey A"]
[Result "1/2-1/2"]
[WhiteElo "2612"]
[BlackElo "2609"]
[PlyCount "42"]
[EventDate "2019.??.??"]

1. d4 Nf6 2. c4 e6 3. Nf3 b6 4. g3 Bb4+ 5. Bd2 Bxd2+ 6. Qxd2 Ba6 7. b3 O-O 8.
Nc3 d5 9. cxd5 exd5 10. Bg2 Re8 11. O-O Ne4 12. Nxe4 dxe4 13. Ng5 Nc6 14. Nxe4
Nxd4 15. Rfe1 Bb7 16. Rad1 Bxe4 17. Qxd4 Qxd4 18. Rxd4 Bxg2 19. Kxg2 Rad8 20.
Red1 Rxd4 21. Rxd4 Kf8 1/2-1/2

[Event "BL 1819 SC Viernheim - USV TU Dresden"]
[Site "Viernheim, Germany"]
[Date "????.??.??"]
[Round "12.4"]
[White "Kovalenko, Igor"]
[Black "Boensch, Uwe"]
[Result "1/2-1/2"]
[WhiteElo "2658"]
[BlackElo "2533"]
[PlyCount "87"]

1. c4 e6 2. Nc3 d5 3. d4 Nf6 4. Bg5 Be7 5. Nf3 h6 6. Bf4 c5 7. a3 Nc6 8. dxc5
Bxc5 9. b4 Be7 10. e3 O-O 11. c5 Nh5 12. Bd3 Bf6 13. Rc1 e5 14. Nxe5 Nxe5 15.
Bxe5 Bxe5 16. Qxh5 Bxc3+ 17. Rxc3 d4 18. Rc2 dxe3 19. Bc4 Be6 20. Bxe6 fxe6 21.
O-O Qd3 22. Qe2 Qxa3 23. Qxe3 Qxe3 24. fxe3 a5 25. bxa5 Rxa5 26. Rb1 Rf7 27. h3
Rc7 28. Kf2 Kf7 29. Rbc1 Kf6 30. Kf3 Ke5 31. Rc3 Rb5 32. R1c2 Rb4 33. Kg3 g5
34. Kf3 h5 35. c6 Rxc6 36. Rxc6 bxc6 37. Rxc6 Kf5 38. Rc8 g4+ 39. hxg4+ hxg4+
40. Kg3 Re4 41. Rf8+ Kg5 42. Rg8+ Kf6 43. Rf8+ Kg5 44. Rg8+ 1/2-1/2

[Event "BL 1819 SC Viernheim - USV TU Dresden"]
[Site "Viernheim, Germany"]
[Date "2019.03.09"]
[Round "12.6"]
[White "Abergel, Thal"]
[Black "Hoffmann, Paul"]
[Result "1-0"]
[WhiteElo "2431"]
[BlackElo "2378"]
[PlyCount "67"]
[EventDate "2019.??.??"]

1. d4 Nf6 2. Nf3 e6 3. e3 b6 4. Bd3 Bb7 5. O-O Be7 6. c4 d6 7. Nc3 Nbd7 8. b3
O-O 9. Bb2 Re8 10. Qe2 e5 11. d5 Bf8 12. Bc2 a5 13. a3 g6 14. b4 Bg7 15. Ba4
Rf8 16. Nd2 Nb8 17. Nb3 Nfd7 18. e4 f5 19. f3 Nf6 20. c5 axb4 21. axb4 bxc5 22.
bxc5 fxe4 23. fxe4 c6 24. dxc6 Nxc6 25. Qc4+ Kh8 26. cxd6 Nd4 27. Nxd4 exd4 28.
Qxd4 Ng4 29. Nd5 Rxf1+ 30. Rxf1 Qg8 31. Bb3 Bxd4+ 32. Bxd4+ Qg7 33. Bxg7+ Kxg7
34. Nc7 1-0

[Event "BL 1819 SC Viernheim - USV TU Dresden"]
[Site "Viernheim, Germany"]
[Date "2019.03.09"]
[Round "12.7"]
[White "Loxine, Jakov"]
[Black "Markert, Malte"]
[Result "1/2-1/2"]
[WhiteElo "2399"]
[BlackElo "2330"]
[PlyCount "119"]
[EventDate "2019.??.??"]

1. c4 e6 2. Nc3 d5 3. d4 c6 4. e3 Nf6 5. Qc2 Nbd7 6. Bd2 b6 7. cxd5 exd5 8. Bd3
Bb7 9. Nf3 Be7 10. g4 g6 11. g5 Nh5 12. h4 c5 13. O-O-O a6 14. e4 dxe4 15. Bxe4
Bxe4 16. Qxe4 O-O 17. Ne5 Nxe5 18. dxe5 Qd4 19. Qxd4 cxd4 20. Nd5 Rfc8+ 21. Kb1
Bd8 22. Bb4 a5 23. Bd6 Ng7 24. Rxd4 Nf5 25. Rd3 Rc4 26. h5 Rh4 27. Rxh4 Nxh4
28. hxg6 hxg6 29. Bc7 Bxg5 30. f4 Bh6 31. Bxb6 a4 32. Ra3 Ng2 33. Rf3 Ra6 34.
Bd8 Ra8 35. Bg5 Bxg5 36. fxg5 Ra5 37. Rd3 Kf8 38. Rd2 Nh4 39. Rh2 Nf3 40. Rh8+
Kg7 41. Rd8 Nxg5 42. b4 axb3 43. axb3 Nf3 44. b4 Rb5 45. Kc2 Nxe5 46. Kb3 g5
47. Ka4 Rb7 48. b5 Rd7 49. Rxd7 Nxd7 50. Kb4 Kg6 51. Kc4 Kf5 52. Kd4 g4 53. b6
Nxb6 54. Nxb6 Kf4 55. Nd5+ Kf3 56. Ke5 g3 57. Nf4 Kg4 58. Ng2 f5 59. Nf4 Kg5
60. Ng2 1/2-1/2

[Event "BL 1819 SC Viernheim - USV TU Dresden"]
[Site "Viernheim, Germany"]
[Date "2019.03.09"]
[Round "12.8"]
[White "Heinemann, Josefine"]
[Black "Moehn, Hans"]
[Result "1/2-1/2"]
[WhiteElo "2238"]
[BlackElo "2375"]
[PlyCount "87"]
[EventDate "2019.??.??"]

1. e4 c5 2. Nf3 e6 3. d4 cxd4 4. Nxd4 a6 5. c4 Qc7 6. Nc3 Nf6 7. a3 b6 8. Be2
Bb7 9. f3 d6 10. Be3 Be7 11. O-O O-O 12. Rc1 Nbd7 13. b4 Rac8 14. Qd2 Qb8 15.
Nb3 Rfe8 16. Kh1 Ba8 17. Bg1 Ne5 18. Qd4 Nfd7 19. Na4 Nxc4 20. Bxc4 b5 21. Be2
bxa4 22. Na5 Bf6 23. Qd2 d5 24. exd5 Qd6 25. Qd3 Rxc1 26. Rxc1 Bxd5 27. Qxa6
Qxa6 28. Bxa6 Nb8 29. Bb5 Rd8 30. Bb6 Rf8 31. Bxa4 Bb2 32. Rb1 Bxa3 33. Bc5 Rc8
34. Bb5 h6 35. Kg1 Rd8 36. Nc4 Bxc4 37. Bxc4 Nc6 38. Bb5 Nd4 39. Bf1 e5 40. Bb6
Rb8 41. Bc7 Rxb4 42. Rxb4 Bxb4 43. Bxe5 Bc5 44. Bxd4 1/2-1/2

[Event "BL 1819 SV Hockenheim - SF Berlin"]
[Site "Viernheim, Germany"]
[Date "2019.03.09"]
[Round "12.1"]
[White "Baldauf, Marco"]
[Black "Karpov, Anatoly"]
[Result "1/2-1/2"]
[WhiteElo "2487"]
[BlackElo "2622"]
[PlyCount "112"]
[EventDate "2019.??.??"]

1. d4 Nf6 2. c4 e6 3. Nc3 Bb4 4. Qc2 c5 5. dxc5 Bxc5 6. Bf4 Nc6 7. Nf3 Qa5 8.
e3 Bb4 9. Bd3 h6 10. O-O e5 11. Bg3 Bxc3 12. bxc3 d6 13. Rab1 O-O 14. Nd2 Qc7
15. f4 Nd7 16. f5 Ne7 17. Be4 Nf6 18. Bd3 Kh8 19. Bh4 Neg8 20. e4 b6 21. Rf3
Ba6 22. Kh1 Nd7 23. g4 f6 24. Bf2 Nc5 25. Bf1 Rac8 26. h4 Qd7 27. Kg1 Rc7 28.
Rb4 Rfc8 29. Rg3 Nb7 30. g5 Na5 31. gxh6 gxh6 32. Qd1 Qe8 33. c5 dxc5 34. Bxa6
cxb4 35. Bxc8 Qxc8 36. c4 Nxc4 37. Nxc4 Rxc4 38. Qd5 Rc7 39. Rg6 Qe8 40. Qd2
Qf8 41. Be3 Kh7 42. Kf2 Rb7 43. Kf3 a5 44. Qc1 b5 45. Qc6 Qf7 46. Qc8 Rc7 47.
Qd8 Rd7 48. Qxa5 b3 49. axb3 Qxb3 50. Qa8 Rg7 51. Qe8 b4 52. h5 Qd1+ 53. Kf2
Qc2+ 54. Kf3 Qd1+ 55. Kf2 Qc2+ 56. Kf3 Qd1+ 1/2-1/2

[Event "BL 1819 SV Hockenheim - SF Berlin"]
[Site "Viernheim, Germany"]
[Date "2019.03.09"]
[Round "12.3"]
[White "Abel, Dennes"]
[Black "Ponomariov, Ruslan"]
[Result "0-1"]
[WhiteElo "2490"]
[BlackElo "2667"]
[PlyCount "56"]
[EventDate "2019.??.??"]

1. d4 Nf6 2. c4 c5 3. Nf3 cxd4 4. Nxd4 e5 5. Nb5 d5 6. cxd5 Bc5 7. N5c3 O-O 8.
g3 Ng4 9. e3 f5 10. Be2 Nh6 11. Nd2 Nd7 12. Nb3 Bd6 13. e4 f4 14. f3 a6 15. Qd3
Nf6 16. g4 Nf7 17. Bd2 Bd7 18. O-O-O b5 19. a3 Qb6 20. Na2 a5 21. Nxa5 Rxa5 22.
Bxa5 Qxa5 23. b4 Qa7 24. Kb2 Bc7 25. g5 Ne8 26. d6 Bb6 27. Qb3 Bd4+ 28. Kb1
Nexd6 0-1

[Event "BL 1819 SV Hockenheim - SF Berlin"]
[Site "Viernheim, Germany"]
[Date "2019.03.09"]
[Round "12.4"]
[White "Moiseenko, Alexander"]
[Black "Blohberger, Felix"]
[Result "1-0"]
[WhiteElo "2648"]
[BlackElo "2459"]
[PlyCount "75"]
[EventDate "2019.??.??"]

1. d4 Nf6 2. c4 e6 3. Nc3 Bb4 4. Nf3 b6 5. e3 Bb7 6. Bd3 O-O 7. O-O Bxc3 8.
bxc3 Be4 9. Be2 Nc6 10. Nd2 Bg6 11. f3 d6 12. e4 Ne7 13. g4 e5 14. Rf2 c5 15.
h4 h6 16. d5 Bh7 17. Nf1 Ng6 18. h5 Nf4 19. Bxf4 exf4 20. Qc1 g5 21. hxg6 fxg6
22. Qxf4 Nxd5 23. Qxh6 Nf4 24. Ng3 Qf6 25. Rc1 Qe5 26. Kh1 Rf7 27. Rh2 Re8 28.
Bf1 g5 29. Nf5 Bxf5 30. gxf5 Ree7 31. Rd1 Rh7 32. Qxg5+ Rhg7 33. Qh6 Rh7 34.
Qxd6 Rxh2+ 35. Kxh2 Rh7+ 36. Kg3 Ne2+ 37. Kf2 Rh2+ 38. Bg2 1-0